000 00517cam a2200181ua 4500
020 _a81 203 1172 8
_c125.00
041 _aeng
_h
082 _a005.133
_bRAJ/CO
100 _aRajaraman, V .
245 _aComputer programming in FORTRAN 77: with an introduction to FORTRAN 90 /
_cV Rajaraman.
_hTextual Documents
250 _a4 /
_b.
260 _aNew Delhi :
_bPrentice Hall of India Pvt Ltd. ,
_c2001.
300 _a198 ; .
365 _a125.00
504 _a
942 _cBK
999 _c9511
_d9511